| 000 | 01239nac a22002531u 4500 | ||
|---|---|---|---|
| 008 | 100721t sy||||| ||| 00| 0ara d | ||
| 082 |
_a612.65 _bا ل ك |
||
| 100 |
_aالكايند، ديفيد _916567 |
||
| 245 |
_aنمو الطفل، ج2 : _bمن الطفولة المتوسطة الى نهاية المراهقة/ _cديفيد الكايند، ايرفينغ ب واينر؛ ترجمة ناظم الطحان |
||
| 246 | _aDevelopment of the Child | ||
| 260 |
_aدمشق: _bوزارة الثقافة، 1996 _c1996 |
||
| 300 |
_a517 ص ؛ _c24 سم |
||
| 490 |
_916568 _a؛ الدراسات النفسية _n35 |
||
| 504 | _aيشتمل على إرجاعات ببليوجرافية | ||
| 511 | _aCatalogued by: Sara | ||
| 541 | _aألف باء ؛ | ||
| 650 |
_aالأطفال _915475 _xنمو |
||
| 650 |
_aالأطفال _922403 _xعلم نفس |
||
| 650 |
_aالمراهقة _922404 |
||
| 700 |
_aواينر، ايرفينغ ب _916576 |
||
| 700 |
_aالطحان، ناظم _916575 _eمترجم |
||
| 942 |
_cBB _k612.65 ا ل ك _2ddc |
||
| 999 |
_c6368 _d6368 |
||